|
|
|
|
| LEADER |
00000cam a2200000 7i4500 |
| 001 |
0000034304 |
| 005 |
20151222.0 |
| 008 |
121002 |
| 020 |
|
|
|a 1848101258
|
| 090 |
0 |
0 |
|a JF
|b G ENG
|
| 100 |
1 |
|
|a Callery, Sean
|
| 245 |
1 |
0 |
|a 100 facts Rocks and Minerals
|c Sean Callery; consultant: Steve Parker
|
| 260 |
|
|
|a China :
|b Miles kelly publishing ltd ,
|c 2009
|
| 500 |
|
|
|a Children ages 7-9 years old (orange)
|
| 650 |
|
0 |
|a Minerals
|
| 650 |
|
0 |
|a Mineral
|x Juvenile literature
|
| 650 |
|
0 |
|a Rocks
|
| 650 |
|
0 |
|a Rocks
|x Juvenile literature
|
| 700 |
1 |
|
|a Consultant by Steve Parker
|
| 999 |
|
|
|a 0001158231
|b Book
|c Children Collection
|e Perbadanan Perpustakaan Awam Johor
|